DESIGN, measurement, and analysis of field trials for genetic analysis : Manual

Bibliographic Details
Other Authors: Boyle, Liengiri
Format: Book
Published: Saraburi, Thailand : ASEAN-Canada Forest Tree Seed Centre Project , 1992
Subjects:

MARC

LEADER 00000cam a2200000 7i4500
001 0000000451
005 20000817.0
020 0 0 |a 9748007022 
090 0 0 |a 576.5   |b DES 1992 
245 0 0 |a DESIGN, measurement, and analysis of field trials for genetic analysis :   |b Manual   |c edited by Timothy Boyle and Chaiyasit Liengsiri 
260 0 0 |a Saraburi, Thailand :   |b ASEAN-Canada Forest Tree Seed Centre Project ,   |c 1992 
300 |a 144 p. :   |b ill. ;   |c 26 cm. 
650 0 0 |a Genetics 
700 0 1 |a Boyle   |h Timothy 
700 0 1 |a Liengiri   |h Chaiyasit 
999 |a 0000001632   |b Monograph   |c Open Shelf   |e Default branch 
999 |a 0000001633   |b Monograph   |c Open Shelf   |e Default branch 
999 |a 0000002748   |b Monograph   |c Open Shelf   |e Default branch